[Event "Badalona op"]
[Site "Badalona"]
[Date "1993.??.??"]
[Round "9"]
[White "Marin, Mihail"]
[Black "Piankov, Evgenij"]
[Result "1-0"]
[WhiteElo "2515"]
[BlackElo "2395"]
[Annotator "Marin,M"]
[PlyCount "141"]
[EventDate "1993.??.??"]
[EventType "swiss"]
[EventRounds "9"]
[EventCountry "ESP"]
[SourceTitle "EXT 2000"]
[Source "ChessBase"]
[SourceDate "1999.11.16"]
[SourceVersion "1"]
[SourceVersionDate "1999.11.16"]
[SourceQuality "1"]

1. d4 Nf6 2. c4 g6 3. Nc3 d5 4. cxd5 Nxd5 5. e4 Nxc3 6. bxc3 Bg7 7. Bc4 c5 8.
Ne2 O-O 9. Be3 Nc6 10. Rc1 Qc7 (10... cxd4 11. cxd4 Qa5+ 12. Kf1) 11. O-O Rd8
12. Bf4 Qd7 13. d5 Na5 (13... Ne5 14. Bxe5 Bxe5 15. a4 $14) 14. Bd3 e5 {
14...e6; 14...b5; 14...c4; 14...b6;} 15. Bg5 f6 16. Be3 c4 17. Bc2 b6 (17... b5
) 18. f4 Ba6 {/\ Nb7, Rac8, Nc5-d3} 19. Ba4 $1 Bb5 (19... b5 20. Bc2) 20. Bxb5
Qxb5 21. f5 g5 (21... Nb7 22. Ng3 Nd6 23. fxg6 hxg6 24. Qg4 Kf7 25. h4 $40) 22.
Ng3 Nb7 23. h4 h6 24. Rf2 (24. hxg5 hxg5 25. Qh5 Qe8 26. Qg6 Nd6 27. Rf2) 24...
Nd6 25. hxg5 hxg5 26. Qh5 Qe8 (26... Nf7 27. Qg6 Nh8) 27. Qg6 Rd7 (27... Qxg6
28. fxg6 Rd7 29. Rcf1 Rf8 30. Bc1 {/\ Ba3}) 28. Rcf1 $6 (28. Rb1 $5 {/\ Bc1-a3}
) 28... Qf7 29. Bc1 Kf8 30. Ba3 Ke7 31. Rb1 Rh8 32. Rb4 (32. Nf1 Bf8 33. Bxd6+
Rxd6 34. Qxf7+ Kxf7 35. Nd2 Rd7) 32... Kd8 (32... Qf8 33. Rxc4 (33. Nh5) 33...
Rh6 34. Rc8 $1) 33. Ra4 Nb5 (33... Bf8 34. Bxd6 Bxd6 35. Rxc4 Bc5 36. Rxc5 bxc5
37. Rb2 $44) 34. Bc1 Bf8 (34... Qe7 35. Nh5) (34... Qf8 35. Nh5 (35. Rxc4 $5
Rh6 36. Rc6 Rxg6 37. fxg6) 35... Rh6 36. Nxg7 Rxg6 37. Ne6+) 35. Rxc4 $1 Bc5
36. Rxc5 bxc5 37. Rb2 Nd6 38. Rb8+ Nc8 39. Ba3 c4 (39... Qe7 40. Nh5 Rf8 41.
Kh2 Kc7 (41... Qd6 42. Ng7) (41... Rf7 42. Qg8+ Rf8 43. Qe6) 42. Rb5) 40. Bb4
Kc7 41. Rb5 Nd6 42. Rc5+ Kb7 43. Rc6 Ne8 44. Rxc4 Rc7 45. Qxf7 Rxf7 46. Rc6 Nc7
47. c4 Na6 48. Ba3 Rc7 49. Rxc7+ Nxc7 50. Be7 Ne8 51. c5 Rh7 52. c6+ Kc7 $6 (
52... Kb6 $16) 53. Bc5 a5 $6 (53... a6) 54. Ne2 Nd6 55. Nc3 Rh8 56. Bxd6+ Kxd6
57. Nb5+ Kc5 58. a4 Kb6 59. c7 Kb7 60. d6 Kc6 61. Kf2 Kd7 62. Na7 Ra8 63. c8=Q+
Rxc8 64. Nxc8 Kxc8 65. Kf3 Kd7 66. Kg4 Kxd6 67. Kh5 Kc5 68. Kg6 Kd4 69. Kxf6
Kxe4 70. Kxg5 Kd4 71. f6 1-0

[Event "Olympiad-39"]
[Site "Khanty-Mansiysk"]
[Date "2010.09.29"]
[Round "8.1"]
[White "Vachier Lagrave, Maxime"]
[Black "Nepomniachtchi, Ian"]
[Result "1/2-1/2"]
[WhiteElo "2721"]
[BlackElo "2706"]
[Annotator "Marin,M"]
[PlyCount "90"]
[EventDate "2010.09.21"]
[EventType "team-swiss"]
[EventRounds "11"]
[EventCountry "RUS"]
[SourceTitle "CBM 139"]
[Source "ChessBase"]
[SourceDate "2010.11.18"]
[SourceVersion "1"]
[SourceVersionDate "2010.11.18"]
[SourceQuality "1"]
[WhiteTeam "France"]
[BlackTeam "Russia II"]
[WhiteTeamCountry "FRA"]
[BlackTeamCountry "RUS"]

1. d4 Nf6 2. c4 g6 3. Nc3 d5 4. cxd5 Nxd5 5. e4 Nxc3 6. bxc3 Bg7 7. Bc4 c5 8.
Ne2 Nc6 9. Be3 O-O 10. O-O Qc7 11. Rc1 Rd8 12. Bf4 Qd7 ({The exotical} 12...
Be5 {has become popular lately.}) 13. d5 Na5 14. Bd3 b5 15. Be3 (15. Rb1 {
eventually caused to the main specialist of the classical main line with white
one of his very rare defeats:} a6 16. c4 e6 17. Bg5 Re8 18. Qd2 Nxc4 19. Bxc4
bxc4 20. d6 Bb7 21. Qe3 f6 22. Bh4 g5 23. Bg3 f5 {Topalov,V (2804)-Svidler,P 
(2743)/Sofia 2006/CBM 113/[Marin,M] (0-1, 61)}) 15... e6 {White has problems
maintainig his stability in the centre.} 16. Bxc5 (16. Nf4 {places the knight
on a vulnerable square, ensuring only relative stability.} c4 17. Be2 Qe7 {
Wisely refraining from releasing the tension and clearing the h3-c8 diagonal.}
18. Qd2 $6 {Missing the point behind the previous move.} e5 $1 19. Nh3 Bxh3 20.
gxh3 Nb7 21. f3 Nd6 $15 {Najdorf,M (2525)-Gheorghiu,F (2550)/Manila 1973/EXT
1998 (1/2, 39)}) 16... exd5 17. e5 $5 $146 {Aiming to complicate matters by
sacrificing a pawn.} (17. exd5 {left White in a worse position without
counterplay.} Bb7 18. Be4 Bxd5 19. Bxd5 Qxd5 20. Qxd5 Rxd5 21. Bd4 Re8 $15 {
Latzke,B (2220)-Pribyl,J (2460)/Schwaebisch Gmuend 1997/EXT 1998 (1/2, 47)})
17... Bxe5 18. Bd4 Nc4 (18... Re8 19. Bxe5 Rxe5 20. f4 Re8 21. f5 {offers
similar compensation as in the game; computers are equally skeprical about it!}
) 19. Bxc4 Bxd4 20. Bxb5 Bxf2+ 21. Rxf2 Qxb5 22. Nd4 Qd7 23. Qd3 a5 24. h4 {
The strong centralized knight and the weakness of the kingside squares offers
White obvious compensation (at least for the human eye, although computers
evaluate the position as -/+). However, Black should not be in concrete danger.
} Ba6 25. Qg3 Qd6 26. Qg5 Bd3 27. Rd1 Be4 28. Rdf1 Rf8 29. Rf6 Qa3 30. Nc6 Rae8
31. Ne5 Re7 32. h5 Qc5+ 33. R1f2 Qxc3 34. Ng4 (34. Nxf7 Rexf7 35. Rxf7 Rxf7 36.
Qd8+ Kg7 37. h6+ Kxh6 38. Rxf7 Qa1+ 39. Rf1 Qxa2 40. Qh4+ $11) 34... Rb7 35.
Nh6+ Kg7 36. Nxf7 $11 Rb1+ 37. Kh2 Qa1 38. Qh6+ Kg8 39. Qe3 Rh1+ 40. Kg3 Rxf7
41. Rxf7 Qe5+ 42. Qf4 Qc3+ 43. Rf3 Qe1+ 44. Rf2 Qc3+ 45. Rf3 Qe1+ 1/2-1/2

[Event "Moscow Tal Memorial 4th"]
[Site "Moscow"]
[Date "2009.11.06"]
[Round "2"]
[White "Ponomariov, Ruslan"]
[Black "Aronian, Levon"]
[Result "1/2-1/2"]
[WhiteElo "2739"]
[BlackElo "2786"]
[Annotator "Marin,M"]
[PlyCount "63"]
[EventDate "2009.11.05"]
[EventType "tourn"]
[EventRounds "9"]
[EventCountry "RUS"]
[EventCategory "21"]
[SourceTitle "CBM 133"]
[Source "ChessBase"]
[SourceDate "2009.11.19"]
[SourceVersion "1"]
[SourceVersionDate "2009.11.19"]
[SourceQuality "1"]

1. d4 Nf6 2. c4 g6 3. Nc3 d5 4. cxd5 Nxd5 5. e4 Nxc3 6. bxc3 Bg7 7. Bc4 O-O 8.
Ne2 c5 9. O-O Nc6 10. Be3 Qc7 11. Rc1 Rd8 12. Qd2 ({Refraining from the
fashionable} 12. Bf4) 12... b6 $5 ({In his old monograph, Botvinnik recommends
} 12... Qa5) 13. Bh6 {According to Botvinnik, this offers White the better
play.} Rb8 $5 $146 14. Bxg7 Kxg7 15. Qe3 (15. f4 b5 16. Bb3 c4 17. Bc2 b4 $132
{[%csl Gd4][%cal Gc8g4]}) 15... e5 16. Qg3 cxd4 17. cxd4 Qd6 18. d5 Na5 19. Bd3
{Black has managed to block the position on the dark squares, but his kingside
is a bit vulnerable.} Rb7 $1 {Taking advantage of a hidden aspect of the
novelty.} 20. f4 exf4 21. Nxf4 Kg8 22. Qg5 f6 23. Qh6 Rf7 {Black's position
looks safe now.} 24. Rf3 Qe5 25. Rg3 Rg7 26. Nxg6 hxg6 27. Rxg6 Rxg6 28. Qxg6+
Kh8 29. Qh6+ Kg8 30. Qg6+ Kh8 31. Qh6+ Kg8 32. Qg6+ 1/2-1/2

[Event "Olympiad-39"]
[Site "Khanty-Mansiysk"]
[Date "2010.09.28"]
[Round "7.3"]
[White "Podolchenko, Evgeniy"]
[Black "Howell, David"]
[Result "1-0"]
[WhiteElo "2506"]
[BlackElo "2616"]
[Annotator "Marin,M"]
[PlyCount "71"]
[EventDate "2010.09.21"]
[EventType "team-swiss"]
[EventRounds "11"]
[EventCountry "RUS"]
[SourceTitle "CBM 139"]
[Source "ChessBase"]
[SourceDate "2010.11.18"]
[SourceVersion "1"]
[SourceVersionDate "2010.11.18"]
[SourceQuality "1"]
[WhiteTeam "Belarus"]
[BlackTeam "England"]
[WhiteTeamCountry "BLR"]
[BlackTeamCountry "ENG"]

1. d4 Nf6 2. c4 g6 3. Nc3 d5 4. cxd5 Nxd5 5. e4 Nxc3 6. bxc3 Bg7 7. Bc4 c5 8.
Ne2 Nc6 9. Be3 O-O 10. O-O Na5 11. Bd3 b6 12. Qd2 e5 13. Bh6 cxd4 14. Bxg7 Kxg7
15. cxd4 exd4 16. Rac1 Bb7 (16... Qd6 {was played in Topalov,V (2805)-Anand,V 
(2787)/Sofia 2010/CBM 136/[Krasenkow] (1-0, 30)}) 17. f4 Rc8 18. f5 $146 ({
Black somehow managed to survive after} 18. Rxc8 Qxc8 19. f5 Nc6 20. Rf3 Ne5
21. Rh3 Rh8 22. f6+ Kg8 23. Qh6 Qf8 {Karjakin,S (2732)-Carlsen,M (2765)/Foros
2008/CBM 125 (1/2, 30)}) 18... Nc6 19. f6+ Kh8 20. Qg5 (20. Qh6 Rg8 {
transposes to the game.}) 20... Re8 21. Qh6 Rg8 22. Rf3 Qf8 23. Qh4 h6 24. Rh3
Kh7 25. Rxc6 $5 {Here is where this rook was needed! The piece that was about
to block the e-pawn is eliminated.} Rxc6 26. e5 Bc8 27. g4 {Computers are
happy with black, but I guess that most humans would feel incomfortable.} Rc5
28. Qg5 Rh8 29. Nf4 Rg8 30. Rh5 Ba6 31. Be4 Rc1+ 32. Kf2 d3 $2 (32... Ra1 33.
Nh3 Rxa2+ 34. Kg3 (34. Kg1 $11) 34... Ra3+ 35. Kf4 Rxh3 36. Rxh3 Bc4) 33. Ne6
$1 (33. Nh3 $1 Rh8 (33... d2 34. Qxh6+ Qxh6 35. Ng5+ Kh8 36. Rxh6#) 34. Bd5 $3
Qc5+ (34... d2 35. Qxg6+ fxg6 36. Ng5#) 35. Kg3 Rg1+ 36. Nxg1 Qxg1+ 37. Kh3
Qf1+ 38. Bg2 $18) 33... fxe6 34. Qxc1 d2 35. Qxd2 Qc5+ 36. Kg2 1-0

[Event "EU-Cup 27th"]
[Site "Rogaska Slatina"]
[Date "2011.10.01"]
[Round "7"]
[White "Bacrot, Etienne"]
[Black "Mamedyarov, Shakhriyar"]
[Result "1-0"]
[WhiteElo "2705"]
[BlackElo "2746"]
[Annotator "Mikhalchishin,A"]
[PlyCount "62"]
[EventDate "2011.09.25"]
[EventType "team-swiss"]
[EventRounds "7"]
[EventCountry "SLO"]
[SourceTitle "CBM 145"]
[Source "ChessBase"]
[SourceDate "2011.11.11"]
[SourceVersion "1"]
[SourceVersionDate "2011.11.11"]
[SourceQuality "1"]
[WhiteTeam "Baden-Baden"]
[BlackTeam "SOCAR"]
[WhiteTeamCountry "GER"]
[BlackTeamCountry "AZE"]

1. d4 Nf6 2. c4 g6 3. Nc3 d5 4. cxd5 Nxd5 5. e4 Nxc3 6. bxc3 Bg7 7. Bc4 c5 8.
Ne2 Nc6 9. Be3 O-O 10. O-O Qc7 11. Rc1 b6 12. Qd2 Rd8 ({The classical
treatment of this structure was tried in another game:} 12... Bb7 13. Bh6 Rad8
14. Bxg7 Kxg7 15. Qe3 e5 16. Bd5 Na5 17. Bxb7 Qxb7 18. f4 exd4 19. cxd4 Rfe8
20. e5 cxd4 21. Nxd4 Qd5 22. Nf3 Nc4 23. Qf2 h6 24. Rfe1 Rd7 25. h4 b5 26. h5
Qe6 {0-1 Korobov,A (2671)-Nepomniachtchi,I (2718)/Rogaska Slatina 2011. White
kept some advantage in a sharp position.}) 13. Bh6 {A modern and direct
approach, in former times White played completely differently:} (13. Bf4 $5 Qd7
(13... Qb7 14. Bh6 $1 $40) 14. d5 (14. Bb5 a6 15. Bxc6 Qxc6 16. d5 Qd7 17. c4
e6 $13) 14... Na5 (14... Ne5 $5) 15. Bd3 c4 16. Bc2 e6 (16... e5 $5 17. Bh6 f6
18. Bxg7 Kxg7 19. f4 Qe7 $11) 17. Rcd1 exd5 18. exd5 (18. Qxd5 Qxd5 19. Rxd5
Be6 $11) 18... Nb7 $5 (18... Bb7 19. Be4 Re8 20. Bf3 Rad8 21. Bg5 $14) 19. Bh6
Bh8 (19... Nd6 20. Bxg7 Kxg7 21. Qd4+ Kg8 22. Rfe1 $14) 20. f4 (20. Nd4 $5 Nd6
$1 $13 (20... Nc5 21. Nf5 $1 $40) (20... Qxd5 21. Nc6 $3 $18)) 20... f5 $8 21.
g4 (21. Bg5 Re8 22. d6 Re6 $1 $15) 21... Nd6 22. Ng3 Qf7 (22... Nf7 23. Bg5 (
23. gxf5 $5 Nxh6 24. fxg6 $40) 23... Nxg5 24. fxg5 $14) 23. gxf5 (23. Rde1 $5)
23... Bxf5 $1 (23... gxf5 24. Kf2 $1 $14) 24. Nxf5 Nxf5 25. Bxf5 (25. Bg5 Rd6
$1) 25... Qxf5 {1/2 Lukacs,P-Mikhalchishin,A/Lviv,ECC 1984. With very good
play for Black.}) (13. Qb2 {appears very unenergetic:} Na5 14. Bd3 Bb7 15. Rfd1
Rac8 16. f3 e6 17. Bg5 Rd7 18. h4 $2 {Now this is too aggressive.} ({The
correct mve was} 18. Bb5) 18... h6 19. Be3 Qd8 20. h5 g5 21. Qb1 $2 (21. Bb5)
21... cxd4 22. cxd4 Rxc1 23. Qxc1 Nc6 24. Bb5 Bxd4 {0-1 Rodshtein,M (2366)
-Howell,D (2332)/Kirishi 2004. Black started to win material.}) 13... Qd6 $6 {
A new approach, but a rather strange one - classical Grünfeld players would
not even consider it!} ({Here a few different moves seem to be logical:} 13...
Rb8 14. Bxg7 Kxg7 15. Qe3 e5 16. Qg3 cxd4 17. cxd4 Qd6 18. d5 Na5 19. Bd3 Rb7
20. f4 exf4 21. Nxf4 Kg8 22. Qg5 {1/2 Ponomariov,R (2739)-Aronian,L (2786)/
Moscow RUS 2009. White created serious threats.}) (13... Bb7 14. Bxg7 Kxg7 15.
Qe3 {Here other options are very, very serious} (15. f4 cxd4 16. cxd4 Qd6 17.
e5 Qb4 18. Qe3 Na5 19. Bd3 Rac8 20. f5 $1 $16 Rxc1 21. Qxc1 Nc6 22. a3 {
1-0 Zaitsev,I-Plachetka,J/Dubna 1979. With better play for White.}) (15. h4
Rac8 16. Qe3 Qd7 17. Qf4 e5 18. dxe5 Qe7 19. Bd5 Nxe5 20. Bxb7 Nd3 21. Qe3 Qxb7
22. Rcd1 Nb2 23. Rxd8 Rxd8 24. Nf4 Nc4 $2 (24... Re8 $11) 25. Nh5+ $1 Kg8 (
25... gxh5 26. Qg5+) 26. Qh6 {1-0 Goormachtigh,J (2282)-Coenen,M (2325)/Ghent
2011. With a winning attack.}) 15... Rac8 16. f4 cxd4 17. cxd4 Qd6 18. e5 Qb4
19. a3 $1 Qa4 20. f5 $1 Nxd4 21. Nxd4 Rxc4 22. Ne6+ $1 {1/2 Vaganian,R-Gutman,
L/Kaliningrad 1972. With an attack.}) ({It looks logical to start a classical
setup:} 13... e6 14. Bxg7 (14. Bg5 Re8 15. Bf4 Qd7 $1 16. dxc5 Qxd2 17. Bxd2
Ne5 $1 18. Bb5 Bd7 19. Bxd7 Nxd7 20. cxb6 axb6 21. Rc2 Ra4 $1 $44 {Farago,
I-Lechtynsky,J/Polanica Zdroj 1983}) 14... Kxg7 15. f4 f5 16. Qe3 Na5 17. Bd3
c4 18. Bb1 Qf7 19. g4 Re8 20. Qh3 Nc6 {1-0 Belozerov,A (2541)-Nepomniachtchi,I
(2306)/Tomsk RUS 2002. Funny - a big disaster for young Ian!}) (13... Ne5 $6 {
is too tricky:} 14. Bd5 Rxd5 15. exd5 Nc4 16. Qf4) ({The bishop retreat} 13...
Bh8 {is completely wrong:} 14. f4 Na5 15. Bd3 Bg4 16. d5 c4 17. Bb1 e5 18. Ng3
exf4 19. Bxf4 {1-0 Svetushkin,D (2593)-Van Eijk,S (2355)/Budva 2009 '1-0
Svetushkin,D (2593)-Van Eijk,S (2355)/Budva 2009}) 14. Bxg7 Kxg7 15. Qe3 Na5 (
15... cxd4 {was wrong:} 16. cxd4 Nxd4 17. Nxd4 Qxd4 18. Bd5 Qxe3 19. fxe3 {
with an unpleasant double attack.}) 16. Bd3 cxd4 17. cxd4 e5 $2 ({The standard
} 17... Bb7 {was much more logical.}) 18. f4 $1 {Direct attack - who cares
about pawns? White obtains a long standing initiative.} exd4 19. Qg3 Kh8 20.
Qh4 Rg8 ({After the natural} 20... Bb7 {White would try to open the f-file:}
21. f5) 21. e5 Qd8 ({After another retreat} 21... Qd5 22. Rc7 Bb7 23. Qf6+ Rg7
24. Rf2 Qd8 25. Rxf7 Qxf6 26. Rxf6 Rd8 27. Ng3 {White would obtain a clearly
better endgame.}) 22. Qf2 $1 {Now White gets back the central pawn, and his
powerful centre will prevent the black pieces from accessing the central
squares.} Qe7 23. Nxd4 Rd8 24. Be4 Rb8 ({Or} 24... Ba6 25. Bxa8 Bxf1 26. Kxf1
Rxa8 27. Nb5 {and the knight comes to d6.}) 25. Rfe1 Bb7 26. Bxb7 Rxb7 27. f5
$1 ({The logical control of the d6-square} 27. Nb5 {was very good, but White
wants to attack directly. And the knight comes decisevely to d6 from the other
side.}) 27... gxf5 28. Nxf5 Qe6 29. Nd6 Rbd7 30. Rf1 Rf8 31. Qb2 Re7 1-0

[Event "EU-ch 14th"]
[Site "Legnica"]
[Date "2013.05.15"]
[Round "10"]
[White "Postny, Evgeny"]
[Black "Halkias, Stelios"]
[Result "1-0"]
[WhiteElo "2637"]
[BlackElo "2549"]
[Annotator "Postny,E"]
[PlyCount "79"]
[EventDate "2013.05.05"]
[EventType "swiss"]
[EventRounds "11"]
[EventCountry "POL"]
[SourceTitle "CBM 155"]
[Source "ChessBase"]
[SourceDate "2013.07.16"]
[SourceVersion "1"]
[SourceVersionDate "2013.07.16"]
[SourceQuality "1"]

{After a pretty disappointing loss against Sergei Movsesian I had a +2 score
and my only chance to qualify for the World Cup was to win in the last two
rounds. Meanwhile, my opponent was doing well so far, not having lost a single
game against some very tough opposition.} 1. d4 Nf6 2. c4 g6 3. Nc3 d5 {
Surprise. I hadn't notice Stelios playing the Grünfeld before.} 4. cxd5 Nxd5 5.
e4 Nxc3 6. bxc3 Bg7 7. Bc4 {I decided to make a sort of counter surprise - to
play the line I haddn't played before. Luckily, White has a vast choice of
moves against this opening.} c5 8. Ne2 Nc6 9. Be3 O-O 10. O-O Qc7 {Black has a
wide choice here. The move in the text is not so common recently. Nowadays the
Grünfeld players give preference to 10...Bg4, 10...Na5 or even 10...b6.} 11.
Rc1 Rd8 12. Qd2 Ne5 {Played after very long meditation. The move in the text
has appeared in practice, of course.} ({The following alternatives have better
statistics for Black than the move in the text:} 12... Qa5) (12... a6) (12...
b6) (12... Na5) 13. Bb3 Ng4 14. Bf4 e5 15. Bg3 c4 ({The following game is
important for the evaluation of the whole line:} 15... Qe7 16. h3 Nf6 17. Qe3
exd4 18. cxd4 cxd4 19. Nxd4 Ng4 20. hxg4 Bxd4 21. Qf3 Be6 22. Rc7 Rd7 23. Bh4
Qxh4 24. Rxd7 Bxd7 25. Qxf7+ Kh8 26. Qd5 Qf6 27. g5 Qg7 28. Rd1 Bxf2+ 29. Kxf2
Rf8+ 30. Kg3 $6 (30. Kg1 $142 $14) 30... Bc6 $11 {1/2-1/2 (52) Topalov,V (2803)
-So,W (2668) Khanty-Mansiysk 2010}) 16. Bc2 Bh6 $6 $146 (16... Qa5 17. Rfd1 (
17. Bh4 $6 Rxd4 $1 18. Nxd4 exd4 19. h3 Ne5 20. f4 Nd3 21. Bxd3 dxc3 22. Qe2
cxd3 23. Qxd3 b5 $44 {0-1 (49) Ftacnik,L (2535)-Dvoirys,S (2470) Sochi 1982})
17... Bh6 18. f4 exd4 19. cxd4 (19. Nxd4 $142 $14) 19... Qxd2 20. Rxd2 b5 21.
h3 Ne3 $132 {1-0 (50) Kluve,S (2550)-Pfretzschner,R (2503) ICCF corr 1999}) 17.
f4 (17. Bxe5 {was a good alternative.} Bxd2 (17... Qxe5 18. Qxh6 $1 Nxh6 19.
dxe5 Ng4 20. f4 Ne3 21. Rf2 Nxc2 22. Rxc2 $14) 18. Bxc7 Rd7 19. Bg3 $1 (19.
Rcd1 Ne3 $1 20. fxe3 Bxe3+ 21. Kh1 Rxc7 $13) 19... Bxc1 20. Rxc1 {with
excellent compensation for the exchange.}) 17... Qa5 (17... Qe7 $2 18. h3 Nf6
19. Bh4 exf4 20. Nxf4 g5 21. Ne2 $18) (17... Rd6 18. Qe1 $1 $16) 18. Rcd1 {
Black has made a lot of active moves in a row, but now he has a problem.
White's superiority in the centre will tell.} ({I thought that there was no
need to play h2-h3, Black's knight will retreat anyway.} 18. h3 exd4 19. Nxd4
Ne5 $14) 18... exd4 ({Black can't comfortably complete the queenside
development. For instance:} 18... Be6 19. Bh4 Rd6 20. h3 exd4 21. Nxd4 Ne5 22.
Qe2 Nd3 23. f5 Bd7 24. Bxd3 cxd3 25. Qxd3 $16) 19. Nxd4 Ne5 $2 (19... Re8 $1
20. Qe1 Nf6 $14 {was the only reasonable way for Black.}) 20. Qf2 $1 {Now
Black's knight doesn't have a good square to retreat to.} Nd3 (20... Qxc3 $2
21. Nb5 $18) (20... Nc6 21. f5 Nxd4 22. cxd4 Qc3 23. Bf4 $1 Bxf4 24. Qxf4 Bxf5
(24... Qxc2 25. fxg6 $18) 25. Rf2 Be6 26. d5 $18) 21. Bxd3 cxd3 22. f5 {
Of course, there is no need to waste time on capturing the Pd3.} Qxc3 {At this
point my opponent was already in severe time trouble.} 23. Be5 $2 {This was
too tempting. I saw the line starting with 23.fxg6, but thought that 23.Be5 is
even stronger.} (23. fxg6 $1 Qxd4 24. gxf7+ Kf8 {[%tqu "En","White must find
something. Now or never!","","","d1d3","",10]} 25. Rxd3 $1 Qxf2+ (25... Bg7 26.
Kh1 $1 Qxf2 27. Rxd8+ Ke7 28. Rxf2 Kxd8 29. f8=Q+ Bxf8 30. Rxf8+ Ke7 31. Rh8)
26. Bxf2 {[%cal Gf2c5]} Bf5 $8 27. Rxd8+ Rxd8 28. Bxa7 Kxf7 29. Rxf5+ Ke6 {
In both cases White should win.}) 23... d2 $1 {I completely overlooked this
move.} 24. fxg6 Qe3 (24... Be3 25. gxf7+ Kf8 26. Ne6+ Bxe6 27. Bxc3 Bxf2+ 28.
Rxf2 Bxf7 29. Bxd2 Kg8 {White has an extra pawn, but I am not sure that it's
enough for a win. Opposite coloured bishops yield the defensive side
reasonable chances for a draw.}) 25. gxf7+ Kf8 26. Rxd2 $1 Qxf2+ (26... Qxd2
27. Ne6+ $1 Bxe6 28. Qc5+ $18) 27. Rdxf2 Be3 28. Kh1 Bxf2 $2 (28... Bxd4 29.
Rd2 Be6 30. Bxd4 Bxf7 {This is more difficult version of the same endgame that
could arise after 24...Be3. Still, this was the only playable option.}) 29.
Rxf2 $18 {White is dominating. The threat of 30.Bf6 is irresistible.} a5 30.
Bf6 Bg4 31. h3 Rd7 {There was nothing better anyway.} 32. hxg4 {White has a
big material advantage. The rest was easy.} Kxf7 33. e5 Kg6 34. e6 Rd5 35. e7
Rd6 36. Be5 Rd5 37. Rf6+ Kg5 38. Rf8 Rxe5 39. Nf3+ Kh6 40. Nxe5 {In the last
round I managed to win a difficult game against the young international master
from Armenia, Robert Aghasaryan, and qualified for the World Cup!} 1-0